Salud pública y medicina preventiva (Registro nro. 29123)
[ vista simple ]
| 000 -CABECERA | |
|---|---|
| Longitud fija campo de control | 00751nam a22002535a 4500 |
| 001 - NÚMERO DE CONTROL | |
| Número de control | ES-MaREB00188746-6 |
| 003 - IDENTIFICADOR DELl NÚMERO DE CONTROL | |
| Identificador del número de control | OSt |
| 005 - FECHA Y HORA DE LA ÚLTIMA TRANSACCIÓN | |
| Fecha y hora de la última transacción | 20180321150350.0 |
| 008 - CÓDIGOS DE INFORMACIÓN DE LONGITUD FIJA | |
| Códigos de información de longitud fija | 020226s2002 esp spa d |
| 020 ## - NÚMERO INTERNACIONAL NORMALIZADO PARA LIBROS | |
| Número Internacional Normalizado para Libros (ISBN) | 978-607-448-253-9 |
| 040 ## - FUENTE DE LA CATALOGACIÓN | |
| Centro transcriptor | CRI |
| Lengua de catalogación | Spa |
| 082 ## - NÚMERO DE LA CLASIFICACIÓN DECIMAL DEWEY | |
| Númeroo de clasificación | 613 |
| 082 ## - NÚMERO DE LA CLASIFICACIÓN DECIMAL DEWEY | |
| Númeroo de clasificación | 362.04 |
| 100 1# - PUNTO DE ACCESO PRINCIPAL-NOMBRE DE PERSONA | |
| 9 (RLIN) | 23996 |
| Nombre de persona | Álvarez Alvar, Rafael |
| 245 10 - MENCIÓN DE TÍTULO | |
| Título | Salud pública y medicina preventiva |
| Mención de responsabilidad, etc. | Rafaél Álvarez Alva ; Pablo A. Kuri-Morales |
| 250 ## - MENCIÓN DE EDICIÓN | |
| Mención de edición | 4ª ed |
| 260 ## - PUBLICACIÓN, DISTRIBUCIÓN, ETC. (PIE DE IMPRENTA) | |
| Lugar de publicación, distribución, etc. | México, D.F. |
| Nombre del editor, distribuidor, etc. | El Manual Moderno |
| Fecha de publicación, distribución, etc. | 2012 |
| 300 ## - DESCRIPCIÓN FÍSICA | |
| Extensión | XII, 462 p. |
| Dimensiones | 23 cm |
| 500 ## - NOTA GENERAL | |
| Nota general | Índice p. [445]-462 |
| 650 24 - PUNTO DE ACCESO ADICIONAL DE MATERIA - TÉRMINO DE MATERIA | |
| Término de materia o nombre geográfico como elemento inicial | Salud pública |
| 9 (RLIN) | 4291 |
| 650 24 - PUNTO DE ACCESO ADICIONAL DE MATERIA - TÉRMINO DE MATERIA | |
| 9 (RLIN) | 23995 |
| Término de materia o nombre geográfico como elemento inicial | Medicina preventiva |
| 700 1# - PUNTO DE ACCESO ADICIONAL - NOMBRE DE PERSONA | |
| Nombre de persona | Kuri-Morales, Pablo |
| 9 (RLIN) | 42370 |
| 942 ## - ENTRADA DE ELEMENTOS AGREGADOS (KOHA) | |
| Fuente de clasificaión o esquema | Dewey Decimal Classification |
| Koha [por defecto] tipo de item | 1- Monografias |
| Parte de clasificación | prozim |
| Suprimido | Perdido | Fuente de clasificación o esquema | Estropeado | Restricciones de uso | No para préstamo | Código de colección | Localización permanente | Localización actual | Localización en estanter&íacute;as | Fecha adquisición | Fuente de adquisición | Número de inventario | Préstamos totales | Signatura completa | Código de barras | Fecha última consulta | Fecha último préstamo | Fecha del precio de reemplazo | Tipo de item de Koha |
|---|---|---|---|---|---|---|---|---|---|---|---|---|---|---|---|---|---|---|---|
| NULL | NULL | Dewey Decimal Classification | NULL | Prestable | NULL | NULL | Biblioteca Centro Regional de Ilobasco | Biblioteca Centro Regional de Ilobasco | Sala Principal | 07/03/2018 | CRI | LI004131 | 5 | 613 ALV sal | 1043899 | 24/02/2023 | 24/02/2023 | 15/03/2018 | 1- Monografias |
| NULL | NULL | Dewey Decimal Classification | NULL | Prestable | NULL | NULL | Biblioteca Centro Regional de Ilobasco | Biblioteca Centro Regional de Ilobasco | Sala Principal | 07/03/2018 | CRI | LI004132 | 2 | 613 ALV sal | 1043900 | 21/02/2023 | 21/02/2023 | 15/03/2018 | 1- Monografias |
| NULL | NULL | Dewey Decimal Classification | NULL | Prestable | NULL | NULL | Biblioteca Centro Regional de Ilobasco | Biblioteca Centro Regional de Ilobasco | Sala Principal | 07/03/2018 | CRI | LI004133 | 2 | 613 ALV sal | 1043901 | 08/02/2023 | 06/02/2023 | 15/03/2018 | 1- Monografias |